000 00414nam a2200181Ia 4500
001 10788
005 20260306161858.0
008 260306t1971||||xx |||||||||||||| ||spa||
041 _aESP
082 _a953
_bV915
100 _aValabrega, Guido
_eAUT
245 0 _aLa revolución Árabe
260 _c1971
300 _a219 páginas :
_c17 cm.
650 _aGEN
654 _aCHU
942 _cLIB
_dJUS
_fJUS
_2ddc
_n
999 _c10788
_d10788